Caricamento...

Laboratory Directions in General Zoology

Dettagli Bibliografici
Autore principale: Curts,Winterton C
Altri autori: Guthrie,Mary J
Natura: Printed Book
Pubblicazione: New York John Wiley 1948
Edizione:4
LEADER 00439nam a22001457a 4500
082 |a 591  |b CUR/LA 
100 |a Curts,Winterton C 
245 |a Laboratory Directions in General Zoology 
250 |a 4 
260 |a New York  |b John Wiley   |c 1948 
300 |a 236p. 
700 |a Guthrie,Mary J 
942 |c BK 
999 |c 6371  |d 6371 
952 |0 0  |1 0  |4 0  |6 591_000000000000000_CUR_LA  |7 0  |8 NFIC  |9 8012  |a KUFOS  |b KUFOS  |c GEN  |d 2016-06-15  |o 591 CUR/LA  |p CJC10  |r 2016-06-15  |y BK